Entry Personal Name
Number of records used in: 1
001 - CONTROL NUMBER
003 - CONTROL NUMBER IDENTIFIER
005 - DATE AND TIME OF LATEST TRANSACTION
- control field:
20230915131941.0
008 - FIXED-LENGTH DATA ELEMENTS
- fixed length control field:
930209n| azannaabn |a aaa
010 ## - LIBRARY OF CONGRESS CONTROL NUMBER
- LC control number:
n 93011868
035 ## - SYSTEM CONTROL NUMBER
- System control number:
(OCoLC)oca03313984
040 ## - CATALOGING SOURCE
- Original cataloging agency:
DLC
- Language of cataloging:
eng
- Description conventions:
rda
- Transcribing agency:
DLC
- Modifying agency:
DLC
- Modifying agency:
DNLM
046 ## - SPECIAL CODED DATES
100 1# - HEADING--PERSONAL NAME
- Personal name:
Brehm-Curtis, Barbara
378 ## - FULLER FORM OF PERSONAL NAME
- Fuller form of personal name:
Barbara A.
400 1# - SEE FROM TRACING--PERSONAL NAME
- Personal name:
Curtis, Barbara Brehm-
400 1# - SEE FROM TRACING--PERSONAL NAME
- Personal name:
Brehm, Barbara A.
670 ## - SOURCE DATA FOUND
- Source citation:
Her Essays on wellness, c1993:
- Information found:
t.p. (Barbara A. Brehm, Smith College)
670 ## - SOURCE DATA FOUND
- Source citation:
Successful fitness motivation strategies, c2004:
- Information found:
CIP t.p. (Barbara Brehm) data view (b. 1954)
670 ## - SOURCE DATA FOUND
- Source citation:
Applied sports medicine for coaches, c2009:
- Information found:
ECIP t.p. (Barbara Brehm-Curtis, EdD, Dept. of Exercise and Sport Studies, Smith College, Northampton, Mass.)